000 01432nam a2200361 a 4500
001 66676
003 BD-RjUL
005 20211209081551.0
008 010314s2000 bg ab b i001 0 eng
020 _a9847460043
035 _a(BD-RjUL)66807
040 _aDLC
_beng
_cDLC
_dDLC
_dBD-RjUL
041 _aeng
082 _223
_a591.6805492
_bHAR 2000
100 1 _aHaque, M. Nazrul.
_9197391
245 1 0 _aRed book of threatened amphibians and reptiles of Bangladesh /
_ctext, M. Nazrul Haque ; research, M. Monirul H. Khan, Rashiduzzaman Ahmed, Nargis Banu Joarder ; editors, Md. Anwarul Islam, Mahmud-ul Ameen, Ainun Nishat.
246 3 0 _aThreatened amphibians and reptiles of Bangladesh
260 _aDhaka :
_bIUCN Bangladesh,
_c2000.
300 _axi, 95 p. :
_bill. ;
_c26 cm.
500 _a"IUCN--The World Conservation Union."
504 _aIncludes bibliographical references (p. 91-92) and index.
650 0 _aRare animals
_zBangladesh.
_9197392
650 0 _aReptiles
_zBangladesh.
_9197393
650 0 _aRare amphibians
_zBangladesh.
_9197394
700 1 _aKhan, M. Monirul H.
_9197395
700 1 _aAhmed, Rashiduzzaman.
_9197396
700 1 _aJoarder, Nargis Banu.
_9197397
700 1 _aIslam, Md. Anwarul,
_d1955-
_9197398
700 1 _aAmeen, Mahmud-ul.
_9167106
700 1 _aNishat, Ainun.
_9197399
710 2 _aIUCN--The World Conservation Union.
_bBangladesh Country Office.
_9197400
942 _2ddc
_cBK
999 _c66676
_d66676